Elegir el futuro: un programa radical para la mejora sostenible de la calidad de vida; textos. Parte
Contiene: El desafío de la población.- El desafío social: enfrentarse a la pobreza.- El desafío ecológico.- El desafío económico: un nuevo modelo de producción y de consumo para la economía globalizada
Na minha lista:
| Autor Corporativo: | |
|---|---|
| Formato: | Desconhecido |
| Publicado em: |
Madrid:
IEPALA
|
| Edição: | 0 |
| Assuntos: | |
| Tags: |
Adicionar Tag
Sem tags, seja o primeiro a adicionar uma tag!
|
MARC
| LEADER | 00000 a2200000 04500 | ||
|---|---|---|---|
| 001 | 19267 | ||
| 003 | |||
| 008 | 991231s d | ||
| 040 | |||
| 090 | |a 145501 | ||
| 110 | |a Comisión Independiente sobre Población y Calidad de Vida | ||
| 245 | |a Elegir el futuro: un programa radical para la mejora sostenible de la calidad de vida; textos. Parte | ||
| 250 | |a 0 | ||
| 260 | |a Madrid: |b IEPALA | ||
| 300 | |a 332 p. | ||
| 520 | |a Contiene: El desafío de la población.- El desafío social: enfrentarse a la pobreza.- El desafío ecológico.- El desafío económico: un nuevo modelo de producción y de consumo para la economía globalizada | ||
| 650 | |a DEMOGRAFIA | ||
| 650 | |a DINAMICA DE LA POBLACION | ||
| 650 | |a CRECIMIENTO DEMOGRAFICO | ||
| 650 | |a DESARROLLO SOSTENIBLE | ||
| 650 | |a CONDICIONES ECONOMICAS | ||
| 650 | |a NIVEL DE VIDA | ||
| 650 | |a RELACIONES INTERNACIONALES | ||
| 650 | |a DINAMICA DE LA POBLACION | ||
| 999 | |c 11238 |d 11238 | ||
